000 00415cam a2200169ua 4500
020 _c153.00
041 _aeng
_h
082 _a301
_bGIT/RE
100 _aGittley, Joseph.B .
245 _aReview of sociology /
_cB.Joseph Gittley.
_hTextual Documents
260 _aNew York :
_bJohn Wiley & Sons ,
_c1957.
300 _a588 ; .
365 _a153.00
504 _a
942 _cBK
999 _c1632
_d1632